Computers Update - 1 (Record no. 2888)
[ view plain ]
| 000 -LEADER | |
|---|---|
| fixed length control field | 00227nam a22000857a 4500 |
| 008 - FIXED-LENGTH DATA ELEMENTS--GENERAL INFORMATION | |
| fixed length control field | 160824b xxu||||| |||| 00| 0 eng d |
| 100 ## - MAIN ENTRY--PERSONAL NAME | |
| 9 (RLIN) | 233 |
| Numeration | Shamsi, K.N., et al |
| 245 ## - TITLE STATEMENT | |
| Title | Computers Update - 1 |
| 260 ## - PUBLICATION, DISTRIBUTION, ETC. (IMPRINT) | |
| Place of publication, distribution, etc. | Ne Delhi |
| Name of publisher, distributor, etc. | Cordova |
| Date of publication, distribution, etc. | 2006 |
| Withdrawn status | Lost status | Source of classification or shelving scheme | Damaged status | Koha normalized classification for sorting | Not for loan | Home library | Current library | Shelving location | Date acquired | Total Checkouts | Full call number | Barcode | Date last seen | Price effective from | Koha item type |
|---|---|---|---|---|---|---|---|---|---|---|---|---|---|---|---|
| Dewey Decimal Classification | 4_000000000000000 | Good Samaritan School Library | Good Samaritan School Library | Computer Science | 08/24/2016 | 4 | SHA4290 | 12/01/2016 | 08/24/2016 | BOOK |